000 00883nam a22002297a 4500
001 39268
003 BD-RjUL
005 20211209052944.0
008 160406b bg||||| |||| 00| 0 ben d
020 _a9847112012
_c: Tk. 500.00
035 _a(BD-RjUL)39381
040 _aBD-RjUL
_bben
_cBD-RjUL
041 _aben
082 _223
_a954.9204
_bBAN 2015.
100 _aমুজিবুর রহমান, শেখ
_9121081
245 0 _aবঙ্গবন্ধুর ভাষণ /
_cশেখ মুজিবুর রহমান ; আনু মাহমুদ.
260 _aঢাকা :
_bন্যাশনাল পাবলিকেশন,
_c২০১৫
300 _a৩৬৬ পৃ. ;
_c২২ সেমি.
600 _aMujibur Rahman,
_c Sheikh,
_d1920-1975
_9233808
700 _aমাহমুদ,আনু সম্পাদিত.
_9121083
942 _2ddc
_cBK
999 _c39268
_d39268